[Event "POL-chT 2nd League"]
[Site "Sypniewo"]
[Date "2021.09.07"]
[Round "4.7"]
[White "Gajdzica, Maciej"]
[Black "Sowa, Wiktoria"]
[Result "1-0"]
[WhiteElo "1954"]
[BlackElo "2016"]
[PlyCount "63"]
[EventDate "2021.09.04"]
[EventType "team-swiss"]
[EventRounds "9"]
[EventCountry "POL"]
[SourceTitle "CBM 204 Extra"]
[Source "ChessBase"]
[SourceDate "2021.11.30"]
[SourceVersion "1"]
[SourceVersionDate "2021.11.30"]
[SourceQuality "1"]
[WhiteTeam "Koszalin Hetman Politechnika"]
[BlackTeam "Opole Rodlo II"]
[WhiteTeamCountry "POL"]
[BlackTeamCountry "POL"]

1. e4 c5 2. Nf3 e6 3. d4 cxd4 4. Nxd4 Qb6 5. Nb3 Nc6 6. Be3 Qc7 7. a3 Nf6 8. Nc3 a6 9. f4 d6 10. Bd3 b5 11. Qf3 Bb7 12. g4 Be7 13. g5 Nd7 14. h4 Rc8 15. h5 Nc5 16. Nxc5 dxc5 17. g6 hxg6 18. hxg6 Rxh1+ 19. Qxh1 fxg6 20. Qh7 c4 21. Be2 Kf8 22. Bg4 Nd8 23. 0-0-0 b4 24. axb4 Bxb4 25. f5 Bxc3 26. Qh8+ Kf7 27. fxg6+ Kf6 28. Qh4+ Ke5 29. Qg5+ Kxe4 30. bxc3 Nc6 31. Bh3 Ne5 32. Qf4# 1-0

[Event "Wroclaw Anderssen Memorial"]
[Site "Wroclaw"]
[Date "2021.07.31"]
[Round "9"]
[White "Sowa, Wiktoria"]
[Black "Grot, Blazej"]
[Result "1-0"]
[WhiteElo "2023"]
[BlackElo "1786"]
[PlyCount "85"]
[EventDate "2021.07.31"]
[EventType "swiss (rapid)"]
[EventRounds "9"]
[EventCountry "POL"]
[SourceTitle "CBM 203 Extra"]
[Source "ChessBase"]
[SourceDate "2021.09.30"]
[SourceVersion "1"]
[SourceVersionDate "2021.09.30"]
[SourceQuality "1"]

1. e4 c5 2. Nf3 e6 3. c4 Nc6 4. Nc3 e5 5. d3 d6 6. Be2 Nge7 7. 0-0 Be6 8. Nd5 Bxd5 9. cxd5 Nb8 10. b4 cxb4 11. Qa4+ Qd7 12. Qxb4 Na6 13. Qd2 Nc5 14. Ba3 Rc8 15. Rac1 Ng6 16. d4 Nxe4 17. Rxc8+ Qxc8 18. Bb5+ Kd8 19. Qe3 Nc3 20. Rc1 Nxb5 21. Rxc8+ Kxc8 22. dxe5 Nxa3 23. Qxa3 dxe5 24. Qxa7 Bd6 25. Nd2 Rd8 26. Nc4 Nf4 27. Nb6+ Kc7 28. Qa5 Kb8 29. g3 Nd3 30. Nc4 Bc7 31. Qb5 e4 32. a4 Be5 33. a5 Bd4 34. a6 Nc5 35. axb7 Rxd5 36. Na5 Bxf2+ 37. Kg2 Bxg3 38. hxg3 Rd2+ 39. Kh3 Ne6 40. Nc6+ Kc7 41. b8Q+ Kd7 42. Nd4+ Ke7 43. Nxe6 1-0

[Event "Wroclaw Anderssen Memorial"]
[Site "Wroclaw"]
[Date "2021.07.31"]
[Round "3"]
[White "Sowa, Wiktoria"]
[Black "Vanduyfhuys, Igor"]
[Result "1-0"]
[WhiteElo "2023"]
[BlackElo "1605"]
[PlyCount "61"]
[EventDate "2021.07.31"]
[EventType "swiss (rapid)"]
[EventRounds "9"]
[EventCountry "POL"]
[SourceTitle "CBM 203 Extra"]
[Source "ChessBase"]
[SourceDate "2021.09.30"]
[SourceVersion "1"]
[SourceVersionDate "2021.09.30"]
[SourceQuality "1"]

1. e4 c5 2. Nf3 g6 3. d4 cxd4 4. Nxd4 Bg7 5. c4 Nc6 6. Nc2 Nf6 7. Nc3 0-0 8. Be2 d6 9. 0-0 Bd7 10. Be3 a5 11. Rc1 Rc8 12. f3 Be6 13. Qd2 Nd7 14. Na3 Nc5 15. Nd5 Bxd5 16. cxd5 Ne5 17. Nb5 Ned7 18. Rc2 Na6 19. Rxc8 Qxc8 20. Rc1 Qb8 21. b3 Rc8 22. Qxa5 Rxc1+ 23. Bxc1 Qc8 24. Be3 Qc2 25. Bf1 Nf8 26. Qd8 Bf6 27. e5 Bxe5 28. Qxe7 Qxa2 29. Bh6 Bg7 30. Bxg7 Kxg7 31. Nxd6 1-0

[Event "Wroclaw Anderssen Memorial"]
[Site "Wroclaw"]
[Date "2021.07.31"]
[Round "2"]
[White "Wieczorek, Oskar"]
[Black "Sowa, Wiktoria"]
[Result "1-0"]
[WhiteElo "2498"]
[BlackElo "2023"]
[PlyCount "63"]
[EventDate "2021.07.31"]
[EventType "swiss (rapid)"]
[EventRounds "9"]
[EventCountry "POL"]
[SourceTitle "CBM 203 Extra"]
[Source "ChessBase"]
[SourceDate "2021.09.30"]
[SourceVersion "1"]
[SourceVersionDate "2021.09.30"]
[SourceQuality "1"]

1. e4 c5 2. Nf3 Nc6 3. b4 cxb4 4. d4 d5 5. exd5 Qxd5 6. c4 bxc3 7. Nxc3 Qa5 8. Rb1 e6 9. Bd2 Nf6 10. Ne4 Qd8 11. Nxf6+ Qxf6 12. Bd3 h6 13. 0-0 Bd6 14. Qe2 0-0 15. Qe4 Qf5 16. Qe3 Qf6 17. Rb5 Ne7 18. Rh5 Rb8 19. Ne5 Ng6 20. Qe4 Bxe5 21. dxe5 Qd8 22. Bb4 Re8 23. Bd6 Ra8 24. Qg4 Kh7 25. Rh3 Bd7 26. Rg3 Rg8 27. Bxg6+ fxg6 28. Qxg6+ Kh8 29. Rh3 Re8 30. g4 Qa5 31. g5 Qd2 32. gxh6 1-0

[Event "POL-ch U20 Girls"]
[Site "Pokrzywna"]
[Date "2020.11.30"]
[Round "1"]
[White "Mirowska, Oliwia"]
[Black "Sowa, Wiktoria"]
[Result "0-1"]
[WhiteElo "1820"]
[BlackElo "2093"]
[PlyCount "124"]
[EventDate "2020.11.30"]
[EventType "swiss"]
[EventRounds "9"]
[EventCountry "POL"]
[SourceTitle "CBM 199 Extra"]
[Source "ChessBase"]
[SourceDate "2021.01.31"]
[SourceVersion "1"]
[SourceVersionDate "2021.01.31"]
[SourceQuality "1"]

1. e4 c5 2. Nf3 Nc6 3. d4 cxd4 4. Nxd4 Nf6 5. Nc3 e5 6. Ndb5 d6 7. Bg5 a6 8. Na3 b5 9. Nd5 Be7 10. Bxf6 Bxf6 11. c4 b4 12. Nc2 a5 13. Qd3 Bg5 14. g3 0-0 15. Bg2 Be6 16. 0-0 Rb8 17. b3 Qd7 18. f4 exf4 19. gxf4 Be7 20. Nxe7+ Qxe7 21. Kh1 Rbd8 22. f5 Bc8 23. Qg3 f6 24. Ne3 Qe5 25. Qh4 Bb7 26. Rad1 Rfe8 27. Ng4 Qe7 28. Rd3 Ne5 29. Rh3 Nxg4 30. Qxh7+ Kf8 31. Qh8+ Kf7 32. Qh5+ Kg8 33. Qxg4 Bxe4 34. Rg3 Bxg2+ 35. Rxg2 Rd7 36. h4 Qe4 37. Rf4 Qb1+ 38. Kh2 Re1 39. Qf3 Rh1+ 40. Kg3 Qe1+ 41. Qf2 Qe5 42. Rg1 Rxg1+ 43. Qxg1 d5 44. Qc5 Kh7 45. Qd4 Qe1+ 46. Kg2 Re7 47. cxd5 Re2+ 48. Rf2 Re4 49. Qd2 Rg4+ 50. Kh3 Qe4 51. Qd1 Rxh4+ 52. Kg3 Rh6 53. Qf3 Qe5+ 54. Kg2 Rh4 55. Re2 Rh2+ 56. Kf1 Rxe2 57. Qxe2 Qxf5+ 58. Kg1 Qxd5 59. Qe8 Qe5 60. Qf7 Kh6 61. Qf8 Qa1+ 62. Kg2 Qxa2+ 0-1

[Event "Speed Chess (Women) Q5"]
[Site "Chess.com INT"]
[Date "2020.06.22"]
[Round "13"]
[White "Fataliyeva, Ulviyya Hasil Qizi"]
[Black "Sowa, Wiktoria"]
[Result "1-0"]
[WhiteElo "2301"]
[BlackElo "2093"]
[PlyCount "81"]
[EventDate "2020.06.22"]
[EventType "swiss (blitz)"]
[EventRounds "13"]
[EventCountry "USA"]
[SourceTitle "CBM 196 Extra"]
[Source "ChessBase"]
[SourceDate "2020.07.31"]
[SourceVersion "1"]
[SourceVersionDate "2020.07.31"]
[SourceQuality "1"]

1. e4 Nf6 2. Nc3 d6 3. d4 c6 4. h3 g6 5. Be3 Bg7 6. f4 Qa5 7. Bd3 e5 8. Nf3 exd4 9. Bxd4 0-0 10. 0-0 Nbd7 11. a3 b5 12. b4 Qc7 13. Rb1 Bb7 14. Kh1 a6 15. Bf2 c5 16. bxc5 dxc5 17. e5 Nh5 18. Be4 Nxf4 19. Bg3 Ne6 20. Nd5 Bxd5 21. Bxd5 Rad8 22. Qe2 Nb6 23. Bxe6 fxe6 24. Ng5 Qc6 25. Qg4 Rf5 26. Rbd1 Rxd1 27. Rxd1 Nd5 28. Qh4 h6 29. Nxe6 Qxe6 30. Qd8+ Kh7 31. Rxd5 Rf1+ 32. Kh2 Rf8 33. Qd6 Qf5 34. e6 Qxc2 35. e7 Re8 36. Qd7 Rxe7 37. Qxe7 Qc4 38. Rd7 Qc3 39. Be5 Qxe5+ 40. Qxe5 c4 41. Qxg7# 1-0

[Event "Speed Chess (Women) Q5"]
[Site "Chess.com INT"]
[Date "2020.06.22"]
[Round "7"]
[White "Sowa, Wiktoria"]
[Black "Krasteva, Beloslava"]
[Result "1-0"]
[WhiteElo "2093"]
[BlackElo "2246"]
[PlyCount "65"]
[EventDate "2020.06.22"]
[EventType "swiss (blitz)"]
[EventRounds "13"]
[EventCountry "USA"]
[SourceTitle "CBM 196 Extra"]
[Source "ChessBase"]
[SourceDate "2020.07.31"]
[SourceVersion "1"]
[SourceVersionDate "2020.07.31"]
[SourceQuality "1"]

1. e4 c5 2. Nf3 d6 3. d4 cxd4 4. Qxd4 a6 5. c4 Nc6 6. Qe3 g6 7. h3 Bg7 8. Be2 Nf6 9. 0-0 0-0 10. Nc3 h6 11. Rb1 Be6 12. b3 Rc8 13. Bb2 Nd7 14. Nd5 Nde5 15. Nxe5 Nxe5 16. f4 Nc6 17. f5 Bxd5 18. exd5 Ne5 19. fxg6 fxg6 20. Bxe5 dxe5 21. Bg4 Rb8 22. Be6+ Kh7 23. Qe4 Qd6 24. Kh2 Rxf1 25. Rxf1 Rf8 26. Rxf8 Bxf8 27. g3 Bg7 28. Qe3 Qa3 29. Qf2 Qc1 30. h4 e4 31. Qf7 Qd2+ 32. Kh3 Qe1 33. Qg8# 1-0

[Event "Speed Chess (Women) Q4"]
[Site "Chess.com INT"]
[Date "2020.06.21"]
[Round "9"]
[White "Meenakshi, Subbaraman"]
[Black "Sowa, Wiktoria"]
[Result "0-1"]
[WhiteElo "2171"]
[BlackElo "2093"]
[PlyCount "82"]
[EventDate "2020.06.21"]
[EventType "swiss (blitz)"]
[EventRounds "9"]
[EventCountry "USA"]
[SourceTitle "CBM 196 Extra"]
[Source "ChessBase"]
[SourceDate "2020.07.31"]
[SourceVersion "1"]
[SourceVersionDate "2020.07.31"]
[SourceQuality "1"]

1. d4 Nf6 2. Nf3 g6 3. Nbd2 d5 4. g3 Bg7 5. Bg2 0-0 6. 0-0 Ne4 7. c4 c6 8. Nxe4 dxe4 9. Ne5 f6 10. Bf4 fxe5 11. dxe5 Bf5 12. h4 Nd7 13. Qb3 b6 14. Rfd1 Qc8 15. c5+ Kh8 16. cxb6 axb6 17. Bg5 Nxe5 18. Bxe7 Re8 19. Bg5 b5 20. Rac1 Qe6 21. Qe3 Nc4 22. Qc5 e3 23. f3 h6 24. Bf4 Rad8 25. g4 Rxd1+ 26. Rxd1 Bxg4 27. fxg4 Qxg4 28. Rf1 Nd2 29. Qxc6 Rc8 30. Qxc8+ Qxc8 31. Rd1 Bd4 32. Bxh6 Qg4 33. Rc1 Qxe2 34. Bg5 Qf2+ 35. Kh1 Nc4 36. Rf1 Qg3 37. Rf8+ Kg7 38. Re8 Qe1+ 39. Kh2 Be5+ 40. Rxe5 Nxe5 41. Kh3 Qf2 0-1

[Event "Speed Chess (Women) Q4"]
[Site "Chess.com INT"]
[Date "2020.06.21"]
[Round "1"]
[White "Sowa, Wiktoria"]
[Black "Solozhenkina, Elizaveta"]
[Result "1-0"]
[WhiteElo "2093"]
[BlackElo "2301"]
[PlyCount "93"]
[EventDate "2020.06.21"]
[EventType "swiss (blitz)"]
[EventRounds "9"]
[EventCountry "USA"]
[SourceTitle "CBM 196 Extra"]
[Source "ChessBase"]
[SourceDate "2020.07.31"]
[SourceVersion "1"]
[SourceVersionDate "2020.07.31"]
[SourceQuality "1"]

1. e4 c6 2. d4 d5 3. exd5 cxd5 4. c4 Nf6 5. Nc3 e6 6. Nf3 Be7 7. cxd5 Nxd5 8. Bd3 0-0 9. 0-0 Nc6 10. a3 Bf6 11. Re1 g6 12. Bc2 Bg7 13. Bg5 Qb6 14. Na4 Qc7 15. Rc1 h6 16. Bh4 b6 17. b4 a6 18. Bg3 Qb7 19. Be4 Bd7 20. Nc3 Nf6 21. Bb1 Rfd8 22. Ne4 Be8 23. Nd6 Qe7 24. Nxe8 Qxe8 25. Bc7 Nd5 26. Bxd8 Rxd8 27. Qc2 Nce7 28. Ne5 Nf4 29. Qe4 Nfd5 30. Ba2 Nf5 31. Nc6 Nf6 32. Qf4 Rd7 33. Rcd1 Kh7 34. d5 g5 35. Qf3 g4 36. Qf4 Qc8 37. Ne5 Nxd5 38. Bxd5 Rxd5 39. Rxd5 exd5 40. Nxf7 d4 41. Nd6 Nxd6 42. Qxd6 Qc3 43. Qe6 Qc2 44. g3 a5 45. bxa5 bxa5 46. Qf7 Qg6 47. Qd7 1-0

[Event "Wch U18 Girls"]
[Site "Mumbai"]
[Date "2019.10.05"]
[Round "5"]
[White "Obolentseva, Alexandra"]
[Black "Sowa, Wiktoria"]
[Result "1/2-1/2"]
[WhiteElo "2282"]
[BlackElo "2016"]
[PlyCount "76"]
[EventDate "2019.10.02"]
[EventType "swiss"]
[EventRounds "11"]
[EventCountry "IND"]
[SourceTitle "EXT 2020"]
[Source "ChessBase"]
[SourceDate "2019.10.17"]
[SourceVersion "1"]
[SourceVersionDate "2019.10.17"]
[SourceQuality "1"]

1. d4 Nf6 2. c4 g6 3. Nc3 d5 4. Nf3 Bg7 5. Qb3 dxc4 6. Qxc4 0-0 7. e4 Nc6 8. Be2 e5 9. d5 Nd4 10. Nxd4 exd4 11. Qxd4 c6 12. Qd1 Re8 13. 0-0 Nxe4 14. Nxe4 Rxe4 15. dxc6 Rd4 16. cxb7 Bxb7 17. Qb3 Qe7 18. Bg5 Qxg5 19. Qxb7 Rad8 20. Qxa7 Rd2 21. Qa6 Bxb2 22. Rab1 Qf5 23. Qb5 Qc2 24. Rbe1 Kg7 25. Qc4 Qf5 26. a4 Rc8 27. Qb5 Rc5 28. Qb7 Re5 29. Bf3 Rxe1 30. Rxe1 Qc5 31. Kh1 Rxf2 32. Qd5 Qb4 33. Qe4 Qc3 34. Rd1 Rc2 35. Qd3 Qc5 36. Qb5 Qc3 37. Qd3 Qc5 38. Qb5 Qc3 1/2-1/2

[Event "Wch U18 Girls"]
[Site "Mumbai"]
[Date "2019.10.03"]
[Round "2"]
[White "Sowa, Wiktoria"]
[Black "Schulze, Lara"]
[Result "0-1"]
[WhiteElo "2016"]
[BlackElo "2327"]
[PlyCount "72"]
[EventDate "2019.10.02"]
[EventType "swiss"]
[EventRounds "11"]
[EventCountry "IND"]
[SourceTitle "EXT 2020"]
[Source "ChessBase"]
[SourceDate "2019.10.17"]
[SourceVersion "1"]
[SourceVersionDate "2019.10.17"]
[SourceQuality "1"]

1. e4 c5 2. Nf3 d6 3. d4 Nf6 4. dxc5 Nxe4 5. cxd6 Nc6 6. Bd3 Nxd6 7. h3 g6 8. 0-0 Bg7 9. c3 0-0 10. Bg5 h6 11. Bf4 e5 12. Bh2 Re8 13. Bc2 Bf5 14. Na3 Bxc2 15. Nxc2 Nc4 16. Qe2 Nxb2 17. Nb4 Nxb4 18. Qxb2 Nd5 19. Rad1 Qb6 20. Qa3 Qc6 21. Rc1 Nb6 22. Rfd1 Nc4 23. Qb3 b5 24. Ne1 e4 25. Nc2 Rad8 26. Nd4 Qc5 27. Bf4 e3 28. Bxe3 Nxe3 29. fxe3 Rxe3 30. Rf1 Rxc3 31. Qxf7+ Kh7 32. Rce1 Qxd4+ 33. Kh1 Rd7 34. Qe8 Qd5 35. Kg1 Rc2 36. Re6 Qxg2# 0-1

[Event "EU-chT U18 Girls"]
[Site "Pardubice"]
[Date "2019.07.12"]
[Round "2.2"]
[White "Malicka, Maria"]
[Black "Sowa, Wiktoria"]
[Result "1/2-1/2"]
[WhiteElo "2115"]
[BlackElo "2108"]
[PlyCount "84"]
[EventDate "2019.07.11"]
[EventType "team-swiss"]
[EventRounds "7"]
[EventCountry "CZE"]
[SourceTitle "CBM 191 Extra"]
[Source "ChessBase"]
[SourceDate "2019.09.30"]
[SourceVersion "1"]
[SourceVersionDate "2019.09.30"]
[SourceQuality "1"]
[WhiteTeam "Poland U18 Girls II"]
[BlackTeam "Poland U18 Girls"]
[WhiteTeamCountry "CZE"]
[BlackTeamCountry "POL"]

1. e4 c5 2. Nf3 Nc6 3. d4 cxd4 4. Nxd4 Nf6 5. Nc3 e5 6. Ndb5 d6 7. Bg5 a6 8. Na3 b5 9. Nd5 Be7 10. Bxf6 Bxf6 11. c3 Bg5 12. Nc2 Ne7 13. h4 Bh6 14. a4 bxa4 15. Ncb4 0-0 16. Qxa4 a5 17. Nxe7+ Qxe7 18. Nd5 Qd8 19. Bb5 Be6 20. Bc6 Rb8 21. b4 axb4 22. cxb4 Kh8 23. b5 Bxd5 24. Bxd5 Qb6 25. 0-0 Qxb5 26. Qxb5 Rxb5 27. Bxf7 Bd2 28. Rfb1 Bb4 29. h5 Rbb8 30. Ra7 Bc5 31. Rxb8 Rxb8 32. Rd7 Rf8 33. Kf1 g6 34. hxg6 hxg6 35. f3 Kg7 36. Bd5+ Kh6 37. Rf7 Rb8 38. Rb7 Rc8 39. Ke2 Kg5 40. Rf7 Rb8 41. Rb7 Rh8 42. Be6 Rf8 1/2-1/2

[Event "POL-ch blitz (Women)"]
[Site "Szczawno Zdroj"]
[Date "2018.12.16"]
[Round "10"]
[White "Sowa, Wiktoria"]
[Black "Cagara, Paulina"]
[Result "0-1"]
[WhiteElo "1954"]
[BlackElo "2025"]
[PlyCount "74"]
[EventDate "2018.12.16"]
[EventType "swiss (blitz)"]
[EventRounds "13"]
[EventCountry "POL"]
[SourceTitle "CBM 187 Extra"]
[Source "ChessBase"]
[SourceDate "2018.11.04"]
[SourceVersion "1"]
[SourceVersionDate "2018.11.04"]
[SourceQuality "1"]

1. e4 c6 2. d4 d5 3. f3 Qb6 4. Nc3 a6 5. exd5 Bf5 6. Bd3 Bg6 7. Nge2 Nf6 8. dxc6 Nxc6 9. 0-0 Nxd4 10. Be3 Nxe2+ 11. Qxe2 Qc7 12. Rad1 e6 13. Qf2 Be7 14. Bb6 Qc6 15. Be3 Rc8 16. Ne4 Nxe4 17. fxe4 0-0 18. e5 Bc5 19. Bxg6 hxg6 20. Bxc5 Qxc5 21. Qxc5 Rxc5 22. Rfe1 Rxc2 23. Rd7 Rxb2 24. a4 b5 25. axb5 axb5 26. Rc1 b4 27. Rcc7 b3 28. Rb7 Rb1+ 29. Kf2 b2 30. h3 g5 31. Re7 Kh7 32. Kg3 Kg6 33. Rec7 Rc1 34. Rxf7 Rxf7 35. Rxb2 Rfc7 36. Re2 R1c3+ 37. Kg4 R7c4+ 0-1

[Event "POL-chT U20"]
[Site "Kudowa Zdroj"]
[Date "2018.07.28"]
[Round "8.29"]
[White "Sowa, Wiktoria"]
[Black "Harazinska, Magdalena"]
[Result "0-1"]
[WhiteElo "1952"]
[BlackElo "1997"]
[PlyCount "134"]
[EventDate "2018.07.21"]
[EventType "team-tourn"]
[EventRounds "9"]
[EventCountry "POL"]
[SourceTitle "CBM 186 Extra"]
[Source "ChessBase"]
[SourceDate "2018.08.24"]
[SourceVersion "1"]
[SourceVersionDate "2018.08.24"]
[SourceQuality "1"]

1. e4 c5 2. Nf3 e6 3. d4 cxd4 4. Nxd4 Qb6 5. Nb3 a6 6. Bd3 d6 7. 0-0 Nf6 8. Nc3 Be7 9. Be3 Qc7 10. f4 Nbd7 11. Qf3 0-0 12. Rae1 b5 13. a3 Bb7 14. g4 Nb6 15. g5 Nfd7 16. Qh5 g6 17. Qg4 Nc4 18. Bxc4 bxc4 19. Nd2 Rfe8 20. Rf3 d5 21. Rh3 Bc5 22. Qh4 h5 23. Qf2 Bxe3 24. Qxe3 Qc5 25. Qxc5 Nxc5 26. b4 cxb3 27. Nxb3 Nxe4 28. Nxe4 dxe4 29. Nc5 Re7 30. Rc3 Rc8 31. Nxe4 Rxc3 32. Nxc3 Rc7 33. Ne4 Rxc2 34. Nf6+ Kf8 35. Rd1 Bc6 36. Rd8+ Ke7 37. Rd4 Rg2+ 38. Kf1 e5 39. Rc4 Bb5 40. Kxg2 Bxc4 41. Kf3 exf4 42. Kxf4 Kd6 43. Ne4+ Kd5 44. Ke3 Bb5 45. h4 Kc4 46. Nd6+ Kb3 47. Nxf7 Kxa3 48. Ne5 Be8 49. Kd4 Kb3 50. Nc4 Bd7 51. Kc5 Kc3 52. Nb6 Bf5 53. Nc4 Kd3 54. Kd5 Ke2 55. Nd6 Bb1 56. Ke5 Kf3 57. Kf6 Kg4 58. Nf7 a5 59. Ne5+ Kxh4 60. Nxg6+ Kg3 61. Ne5 a4 62. Nc4 h4 63. g6 Bxg6 64. Kxg6 h3 65. Ne3 h2 66. Nf1+ Kg2 67. Nxh2 Kxh2 0-1

[Event "POL-chT U20"]
[Site "Kudowa Zdroj"]
[Date "2018.07.23"]
[Round "3.17"]
[White "Sowa, Wiktoria"]
[Black "Cieslak, Wiktoria"]
[Result "1/2-1/2"]
[WhiteElo "1952"]
[BlackElo "1931"]
[PlyCount "216"]
[EventDate "2018.07.21"]
[EventType "team-tourn"]
[EventRounds "9"]
[EventCountry "POL"]
[SourceTitle "CBM 186 Extra"]
[Source "ChessBase"]
[SourceDate "2018.08.24"]
[SourceVersion "1"]
[SourceVersionDate "2018.08.24"]
[SourceQuality "1"]

1. e4 c5 2. Nf3 d6 3. Bb5+ Bd7 4. Bxd7+ Qxd7 5. 0-0 Nf6 6. e5 dxe5 7. Nxe5 Qc7 8. d4 cxd4 9. Qxd4 Nc6 10. Nxc6 Qxc6 11. Bg5 h6 12. Bxf6 gxf6 13. Nc3 e5 14. Rfe1 Be7 15. Qg4 Qe6 16. Qa4+ Qc6 17. Qg4 Kf8 18. Rad1 Rg8 19. Qh3 Rg6 20. Nd5 Bc5 21. c4 Re8 22. Re4 Bd4 23. Rde1 Re6 24. b3 b5 25. Rc1 Rd6 26. Ree1 bxc4 27. bxc4 Qc5 28. Qf5 Kg7 29. h4 Rxd5 30. cxd5 Qxd5 31. Qe4 Qxa2 32. Rc2 Qe6 33. Qa8 f5 34. Rc8 e4 35. Rg8+ Kh7 36. Rxg6 Qxg6 37. Qd5 Bf6 38. Rc1 Bxh4 39. Rc6 Bf6 40. Qd6 Be5 41. Qd5 Bf6 42. Ra6 f4 43. Rxa7 Kg7 44. Ra4 e3 45. Rxf4 exf2+ 46. Rxf2 Qb1+ 47. Rf1 Qb6+ 48. Kh1 Qb4 49. g3 Qg4 50. Kg2 h5 51. Rf4 Qg6 52. Qf3 Bg5 53. Rf5 h4 54. g4 Bf6 55. Kh3 Bg5 56. Qb7 Bd8 57. Qd7 Bf6 58. Qd6 Qh6 59. Qd3 Qc1 60. Qf3 Qc3 61. Qxc3 Bxc3 62. Kxh4 Kg6 63. Rc5 Be1+ 64. Kh3 Bf2 65. Rf5 Be1 66. Kg2 Bh4 67. Kf3 Bd8 68. Rc5 Bg5 69. Rc6+ f6 70. Ke4 Bd2 71. Rc8 Be1 72. Re8 Bc3 73. Kd5 Kg5 74. Rg8+ Kf4 75. Ke6 Bd4 76. Kf7 Bc3 77. Rg6 Bd4 78. Kg8 Bc3 79. Kh7 Bd4 80. Kh6 Bc3 81. Kh5 Bd4 82. Rg8 Bc3 83. Rc8 Bb2 84. Kh4 Bd4 85. Rc4 Ke5 86. Kh5 Bf2 87. Rc6 Be3 88. Kg6 Kf4 89. Rc4+ Ke5 90. Rc3 Bd4 91. Rf3 Ke6 92. Ra3 Ke5 93. Ra4 Bc3 94. Rc4 Bb2 95. Rc2 Bd4 96. g5 fxg5 97. Kxg5 Be3+ 98. Kg4 Ke4 99. Rc8 Bb6 100. Re8+ Kd5 101. Kf5 Bc7 102. Re1 Kd4 103. Rd1+ Ke3 104. Rc1 Bb8 105. Rc4 Kd3 106. Rb4 Bd6 107. Rb1 Bh2 108. Rb3+ Kd4 1/2-1/2

[Event "EU-ch rapid"]
[Site "Katowice"]
[Date "2017.12.16"]
[Round "1"]
[White "Fedorov, Alexei"]
[Black "Sowa, Wiktoria"]
[Result "1-0"]
[WhiteElo "2573"]
[BlackElo "1908"]
[PlyCount "79"]
[EventDate "2017.12.16"]
[EventType "swiss (rapid)"]
[EventRounds "11"]
[EventCountry "POL"]
[SourceTitle "CBM 182 Extra"]
[Source "ChessBase"]
[SourceDate "2018.02.23"]
[SourceVersion "1"]
[SourceVersionDate "2018.02.23"]
[SourceQuality "1"]

1. e4 Nf6 2. d3 e5 3. Nf3 Nc6 4. c3 d5 5. Qc2 Be7 6. b4 a6 7. Bb2 0-0 8. Be2 Re8 9. 0-0 Bg4 10. Nbd2 Bf8 11. Rfe1 Qd7 12. a3 Rad8 13. Bf1 g6 14. h3 Bxf3 15. Nxf3 Bh6 16. exd5 Qxd5 17. c4 Qd6 18. b5 Nd4 19. Nxd4 exd4 20. a4 Re5 21. Rxe5 Qxe5 22. g3 a5 23. Qe2 Qf5 24. Bg2 b6 25. Re1 Bf8 26. Qf3 Qxf3 27. Bxf3 Bc5 28. Bc6 h5 29. Kg2 Kg7 30. f4 Rd6 31. Kf3 Re6 32. Re5 Rd6 33. g4 hxg4+ 34. hxg4 Rd8 35. g5 Nh5 36. f5 gxf5 37. Rxf5 Kg6 38. Be4 Re8 39. Re5+ Kg7 40. Rxe8 1-0

[Event "POL-chT U20"]
[Site "Szczyrk"]
[Date "2017.07.29"]
[Round "8.5"]
[White "Dwilewicz, Katarzyna"]
[Black "Sowa, Wiktoria"]
[Result "0-1"]
[WhiteElo "1939"]
[BlackElo "1760"]
[PlyCount "86"]
[EventDate "2017.07.22"]
[EventType "team-tourn"]
[EventRounds "9"]
[EventCountry "POL"]
[SourceTitle "EXT 2019"]
[Source "ChessBase"]
[SourceDate "2018.10.10"]
[SourceVersion "1"]
[SourceVersionDate "2018.10.10"]
[SourceQuality "1"]

1. e4 e5 2. Nf3 Nc6 3. Bb5 a6 4. Ba4 Nf6 5. d3 b5 6. Bb3 d6 7. Ng5 d5 8. exd5 Nd4 9. 0-0 Nxb3 10. axb3 Qxd5 11. Nc3 Qd8 12. Re1 Be7 13. Rxe5 0-0 14. Re1 Bg4 15. Nf3 c5 16. h3 Bd7 17. Bf4 Bc6 18. Ne4 Re8 19. Ne5 Bb7 20. Qf3 Nxe4 21. dxe4 Bf6 22. Rad1 Qc8 23. Nd7 Bd8 24. Qg4 Re6 25. Qf5 Be7 26. Ne5 Bf6 27. Nd7 Be7 28. Be5 Qc6 29. Nb8 Qc8 30. Nd7 Qc6 31. Rd3 Re8 32. Kh2 f6 33. Bc3 Bd6+ 34. f4 Qxd7 35. e5 Qc6 36. Rg3 fxe5 37. fxe5 Bf8 38. Rf1 Qd7 39. Rd3 Qe7 40. Rfd1 Bc8 41. b4 cxb4 42. Bxb4 Qxb4 43. Rd8 Qe7 0-1

[Event "Polanica Zdroj op-C 52nd"]
[Site "Polanica Zdroj"]
[Date "2016.08.28"]
[Round "3"]
[White "Sowa, Wiktoria"]
[Black "Jeziorny, Janusz"]
[Result "1-0"]
[WhiteElo "1577"]
[BlackElo "1842"]
[PlyCount "91"]
[EventDate "2016.08.20"]
[EventType "swiss"]
[EventRounds "9"]
[EventCountry "POL"]
[SourceTitle "CBM 174 Extra"]
[Source "ChessBase"]
[SourceDate "2016.10.10"]
[SourceVersion "1"]
[SourceVersionDate "2016.10.10"]
[SourceQuality "1"]

1. e4 c6 2. d4 d5 3. Nc3 dxe4 4. Nxe4 Nd7 5. Ng5 Ngf6 6. Bd3 e6 7. N1f3 Bd6 8. Qe2 h6 9. Ne4 Nxe4 10. Qxe4 Nf6 11. Qe2 0-0 12. 0-0 Qc7 13. c4 c5 14. dxc5 Qxc5 15. Be3 Qh5 16. Bd4 Ng4 17. h3 f5 18. hxg4 fxg4 19. Ne5 Rf4 20. Bc3 Bd7 21. g3 Rf3 22. Nxf3 gxf3 23. Qe4 e5 24. Qh4 Qxh4 25. gxh4 Rf8 26. Rfe1 Rf4 27. Re4 Rf6 28. Bxe5 Rg6+ 29. Kh1 Bc5 30. Rg1 Rxg1+ 31. Kxg1 Bf5 32. Re3 Bxe3 33. Bxf5 Bd2 34. Be4 b6 35. Bxf3 g5 36. hxg5 hxg5 37. Bb8 a6 38. Bb7 Bb4 39. Bxa6 Bc5 40. Kg2 Kf7 41. f3 Ke6 42. Kg3 Kf5 43. Bc8+ Kg6 44. Kg4 Be3 45. Ba7 Kf6 46. a4 1-0

[Event "Polanica Zdroj op-C 52nd"]
[Site "Polanica Zdroj"]
[Date "2016.08.28"]
[Round "5"]
[White "Sowa, Wiktoria"]
[Black "Kiolbasa, Damian"]
[Result "0-1"]
[WhiteElo "1577"]
[BlackElo "1844"]
[PlyCount "94"]
[EventDate "2016.08.20"]
[EventType "swiss"]
[EventRounds "9"]
[EventCountry "POL"]
[SourceTitle "CBM 174 Extra"]
[Source "ChessBase"]
[SourceDate "2016.10.10"]
[SourceVersion "1"]
[SourceVersionDate "2016.10.10"]
[SourceQuality "1"]

1. e4 c6 2. d4 d5 3. Nc3 dxe4 4. Nxe4 Nd7 5. Ng5 Ndf6 6. Bc4 Nh6 7. h3 g6 8. N1f3 Bg7 9. 0-0 0-0 10. Ne5 Nd5 11. Ngf3 Nf5 12. c3 a5 13. a4 Nd6 14. Bd3 f6 15. Nc4 Be6 16. Qe2 Bf7 17. Re1 Qd7 18. Nh2 Rfb8 19. Ng4 Nxc4 20. Bxc4 b5 21. axb5 cxb5 22. Bd3 Ra7 23. Bh6 a4 24. Bxg7 Kxg7 25. Qd2 Qd6 26. g3 Qd7 27. Kh2 Nb6 28. Qf4 Rc8 29. h4 Nd5 30. Qf3 a3 31. Rxa3 Rxa3 32. bxa3 Rxc3 33. Qe2 Rxd3 34. Qxd3 Qxg4 35. f3 Qd7 36. Rb1 Nc7 37. Qc3 Bc4 38. a4 Qf5 39. Re1 Nd5 40. Qa3 b4 41. Qc1 Qd3 42. Qd1 Qxd1 43. Rxd1 b3 44. Rb1 Nc3 45. Rc1 b2 46. Rxc3 b1Q 47. Rxc4 Qa2+ 0-1